|
|
|
|
| LEADER |
02143cas a2200241 a 4500 |
| 001 |
AALejournalIMF009252 |
| 008 |
230101c9999 xx r poo 0 0eng d |
| 020 |
|
|
|c 5.00 USD
|
| 020 |
|
|
|z 9781451970708
|
| 022 |
|
|
|a 1934-7456
|
| 040 |
|
|
|a BD-DhAAL
|c BD-DhAAL
|
| 100 |
1 |
|
|a Golub, Stephen.
|
| 245 |
1 |
4 |
|a The United States :
|b Japan Current Account Imbalance; A Review /
|c Stephen Golub.
|
| 264 |
|
1 |
|a Washington, D.C. :
|b International Monetary Fund,
|c 1994.
|
| 300 |
|
|
|a 1 online resource (32 pages)
|
| 490 |
1 |
|
|a IMF Policy Discussion Papers
|
| 500 |
|
|
|a <strong>Off-Campus Access:</strong> No User ID or Password Required
|
| 500 |
|
|
|a <strong>On-Campus Access:</strong> No User ID or Password Required
|
| 506 |
|
|
|a Electronic access restricted to authorized BRAC University faculty, staff and students
|
| 520 |
3 |
|
|a This paper reviews the macroeconomic and microeconomic dimensions of the United States-Japan conflict over trade. From a macroeconomic perspective, there is nothing surprising about Japan's surpluses, given global trends in saving and investment. The current accounts of the United States and Japan have both responded to exchange rate changes in a normal fashion with about a two-year lag. Although not the source of the Japanese current-account surplus, a key issue in the debate is the nature of Japanese trade policy and its possible effects on trade patterns. Empirical studies attempting to determine whether Japan's trade prices and quantities are abnormal have arrived at conflicting conclusions. This is a Paper on Policy Analysis and Assessment and the author(s) would welcome any comments on the present text. Citations should refer to a Paper on Policy Analysis and Assessment of the International Monetary Fund, mentioning the authors) and the date of issuance. The views expressed are those of the author(s) and do not necessarily represent those of the Fund.
|
| 538 |
|
|
|a Mode of access: Internet
|
| 830 |
|
0 |
|a IMF Policy Discussion Papers; Policy Discussion Paper ;
|v No. 1994/008
|
| 856 |
4 |
0 |
|z Full text available on IMF
|u http://elibrary.imf.org/view/journals/003/1994/008/003.1994.issue-008-en.xml
|z IMF e-Library
|